[Event "Pilsen Region-chT 2223"]
[Site "Czech Republic"]
[Date "2023.01.15"]
[Round "6.1"]
[White "Vachal, Josef"]
[Black "Turner, Jan"]
[Result "0-1"]
[WhiteElo "2084"]
[BlackElo "2266"]
[PlyCount "40"]
[EventDate "2022.10.09"]
[EventType "team-tourn"]
[EventRounds "11"]
[EventCountry "CZE"]
[SourceTitle "EXT 2024"]
[Source "ChessBase"]
[SourceDate "2023.10.10"]
[SourceVersion "1"]
[SourceVersionDate "2023.10.10"]
[SourceQuality "1"]
[WhiteTeam "Kozolupy Sakal"]
[BlackTeam "Tachov"]
[WhiteTeamCountry "CZE"]
[BlackTeamCountry "CZE"]

1. e4 Nc6 2. d4 e5 3. Nf3 exd4 4. Nxd4 Qh4 5. Nb5 Qxe4+ 6. Be2 Bb4+ 7. N1c3 Bxc3+ 8. bxc3 Kd8 9. 0-0 Nge7 10. Re1 a6 11. Bf3 Qg6 12. Nd4 d6 13. Rb1 Re8 14. Bf4 Nxd4 15. cxd4 Nc6 16. c3 Rxe1+ 17. Qxe1 Bg4 18. Bxc6 bxc6 19. Rc1 Kd7 20. Qd2 Rb8 0-1

[Event "Pilsen Region-chT 2223"]
[Site "Czech Republic"]
[Date "2022.11.27"]
[Round "4.1"]
[White "Turner, Jan"]
[Black "Hajek, Jiri2222"]
[Result "1-0"]
[WhiteElo "2266"]
[BlackElo "1998"]
[PlyCount "107"]
[EventDate "2022.10.09"]
[EventType "team-tourn"]
[EventRounds "11"]
[EventCountry "CZE"]
[SourceTitle "EXT 2024"]
[Source "ChessBase"]
[SourceDate "2023.10.10"]
[SourceVersion "1"]
[SourceVersionDate "2023.10.10"]
[SourceQuality "1"]
[WhiteTeam "Tachov"]
[BlackTeam "Plzen Letna"]
[WhiteTeamCountry "CZE"]
[BlackTeamCountry "CZE"]

1. Nf3 Nf6 2. d4 g6 3. Bf4 Bg7 4. e3 0-0 5. h3 b6 6. Be2 Bb7 7. 0-0 c5 8. c3 d5 9. Nbd2 Nc6 10. Bh2 Re8 11. a3 Rc8 12. Rc1 h6 13. b4 Nd7 14. Rb1 cxd4 15. cxd4 e5 16. dxe5 Ndxe5 17. Bb5 a6 18. Bxe5 Bxe5 19. Bxc6 Bxc6 20. Nxe5 Rxe5 21. Nf3 Re7 22. Nd4 Bb5 23. Nxb5 axb5 24. Rb3 Rd7 25. Rd3 Rc4 26. Rd4 Qa8 27. Qd3 Qc6 28. Rd1 Rc3 29. Qd2 Rc2 30. Qe1 Rc4 31. Qe2 Kf8 32. Qf3 Rxd4 33. Rxd4 Ke7 34. Qf4 g5 35. Qf5 Qe6 36. Qd3 Qc6 37. g3 Rd6 38. Qf5 Rd7 39. Kg2 Qe6 40. Qd3 Qc6 41. g4 Rd6 42. Qf5 Qd7 43. Qc2 Rc6 44. Qd3 Rd6 45. Qd1 Qc6 46. Qd3 Qd7 47. Qh7 Qc8 48. e4 Rf6 49. exd5 Qc3 50. Qe4+ Kd7 51. d6 Rxd6 52. Qf5+ Ke7 53. Qe5+ Re6 54. Rd7+ 1-0

[Event "Pilsen Region-chT 2223"]
[Site "Czech Republic"]
[Date "2022.10.09"]
[Round "1.1"]
[White "Pelikan, David"]
[Black "Turner, Jan"]
[Result "0-1"]
[WhiteElo "1974"]
[BlackElo "2266"]
[PlyCount "62"]
[EventDate "2022.10.09"]
[EventType "team-tourn"]
[EventRounds "11"]
[EventCountry "CZE"]
[SourceTitle "EXT 2024"]
[Source "ChessBase"]
[SourceDate "2023.10.10"]
[SourceVersion "1"]
[SourceVersionDate "2023.10.10"]
[SourceQuality "1"]
[WhiteTeam "Petrin"]
[BlackTeam "Tachov"]
[WhiteTeamCountry "CZE"]
[BlackTeamCountry "CZE"]

1. d4 d6 2. e4 Nf6 3. Bd3 e5 4. dxe5 dxe5 5. Nf3 Nbd7 6. Be3 Be7 7. 0-0 0-0 8. Nbd2 Ng4 9. Nc4 Nxe3 10. Nxe3 Bf6 11. b4 c6 12. c4 a5 13. a3 axb4 14. axb4 Rxa1 15. Qxa1 Nc5 16. Bc2 Ne6 17. Ng4 Nf4 18. Nxf6+ gxf6 19. Kh1 Bg4 20. Qc3 Bxf3 21. gxf3 Qd7 22. Qe3 Kh8 23. Rg1 Rg8 24. Rg3 Rd8 25. c5 Qd2 26. Bb3 Qxb4 27. h4 h6 28. Bxf7 Rd1+ 29. Kh2 Qb1 30. Rg2 Rh1+ 31. Kg3 Qf1 0-1

[Event "CZE-chT1W 1920"]
[Site "Czech Republic"]
[Date "2020.06.14"]
[Round "11.5"]
[White "Sodoma, Jan"]
[Black "Turner, Jan"]
[Result "1/2-1/2"]
[WhiteElo "2300"]
[BlackElo "2310"]
[PlyCount "84"]
[EventDate "2019.10.20"]
[EventType "team-tourn"]
[EventRounds "11"]
[EventCountry "CZE"]
[SourceTitle "EXT 2021"]
[Source "ChessBase"]
[SourceDate "2020.10.23"]
[SourceVersion "1"]
[SourceVersionDate "2020.10.23"]
[SourceQuality "1"]
[WhiteTeam "Turnov Zikuda II"]
[BlackTeam "Line"]
[WhiteTeamCountry "CZE"]
[BlackTeamCountry "CZE"]

1. Nf3 g6 2. e4 d6 3. Bc4 Bg7 4. d4 Nf6 5. Qe2 c6 6. e5 Nd5 7. h3 0-0 8. 0-0 h6 9. Re1 Be6 10. Bb3 Nc7 11. Nc3 Nd7 12. exd6 exd6 13. Bf4 Nf6 14. Rad1 Re8 15. Qd2 Kh7 16. Bg3 Bxb3 17. axb3 Qd7 18. Bh4 Rxe1+ 19. Rxe1 Re8 20. Bxf6 Rxe1+ 21. Nxe1 Bxf6 22. Qf4 Bg7 23. Nf3 Ne6 24. Qe3 d5 25. Ne2 Qc7 26. b4 Qb6 27. c3 a5 28. Nf4 Nxf4 29. Qxf4 axb4 30. Qxf7 bxc3 31. bxc3 Qb1+ 32. Kh2 Qe4 33. g4 b6 34. Kg3 c5 35. h4 Kh8 36. h5 g5 37. Qd7 cxd4 38. cxd4 b5 39. Qc8+ Kh7 40. Qd7 Kh8 41. Qc8+ Kh7 42. Qd7 Kh8 1/2-1/2

[Event "CZE-chT1W 1920"]
[Site "Czech Republic"]
[Date "2020.01.19"]
[Round "6.4"]
[White "Brejnik, Gustav"]
[Black "Turner, Jan"]
[Result "1-0"]
[WhiteElo "2210"]
[BlackElo "2310"]
[PlyCount "63"]
[EventDate "2019.10.20"]
[EventType "team-tourn"]
[EventRounds "11"]
[EventCountry "CZE"]
[SourceTitle "CBM 194 Extra"]
[Source "ChessBase"]
[SourceDate "2020.03.31"]
[SourceVersion "1"]
[SourceVersionDate "2020.03.31"]
[SourceQuality "1"]
[WhiteTeam "Unichess"]
[BlackTeam "Line"]
[WhiteTeamCountry "CZE"]
[BlackTeamCountry "CZE"]

1. d4 d6 2. c4 e5 3. Nc3 Nf6 4. Nf3 Nbd7 5. g3 Be7 6. Bg2 0-0 7. 0-0 c6 8. e4 Re8 9. h3 Bf8 10. Be3 exd4 11. Nxd4 Nb6 12. b3 d5 13. cxd5 cxd5 14. Qc2 dxe4 15. Nxe4 Nxe4 16. Bxe4 h6 17. Rfd1 Bxh3 18. Bxb7 Rb8 19. Qc6 Rxe3 20. fxe3 Qe7 21. Ba6 Qxe3+ 22. Kh2 Bg4 23. Rd3 Qg5 24. Rf1 Qh5+ 25. Kg1 Bc5 26. Qe4 Rd8 27. Rf4 Be6 28. Bb7 Nd5 29. Rh4 Qg5 30. Kg2 Nf6 31. Nxe6 Nxe4 32. Rxd8+ 1-0

[Event "CZE-chT1W 1920"]
[Site "Czech Republic"]
[Date "2020.01.05"]
[Round "5.3"]
[White "Turner, Jan"]
[Black "Riha, Vojtech"]
[Result "1/2-1/2"]
[WhiteElo "2310"]
[BlackElo "2131"]
[PlyCount "173"]
[EventDate "2019.10.20"]
[EventType "team-tourn"]
[EventRounds "11"]
[EventCountry "CZE"]
[SourceTitle "CBM 194 Extra"]
[Source "ChessBase"]
[SourceDate "2020.03.31"]
[SourceVersion "1"]
[SourceVersionDate "2020.03.31"]
[SourceQuality "1"]
[WhiteTeam "Line"]
[BlackTeam "Polabiny II"]
[WhiteTeamCountry "CZE"]
[BlackTeamCountry "CZE"]

1. b3 Nf6 2. Bb2 g6 3. c4 d6 4. Bxf6 exf6 5. Nc3 Bg7 6. g3 0-0 7. Bg2 c6 8. e3 Nd7 9. Nge2 f5 10. Rc1 h5 11. h4 Re8 12. Nf4 Ne5 13. 0-0 Bd7 14. Nce2 a5 15. Nd4 Bh6 16. Nf3 Qf6 17. d4 Ng4 18. Qd2 Re7 19. Rfe1 b6 20. c5 bxc5 21. dxc5 d5 22. Qd4 Qxd4 23. Nxd4 Rc8 24. Red1 Nf6 25. a3 Be8 26. b4 axb4 27. axb4 Bxf4 28. gxf4 Rb7 29. Nc2 Ra8 30. Ra1 Rba7 31. Rxa7 Rxa7 32. b5 cxb5 33. Nb4 Rc7 34. c6 Kf8 35. Bxd5 Nxd5 36. Rxd5 Ke7 37. Re5+ Kd8 38. Rc5 f6 39. Kf1 Rc8 40. Kg1 Kc7 41. Rxb5 Bxc6 42. Rc5 Kd6 43. Rc1 Bb7 44. Rxc8 Bxc8 45. Nc2 Kd5 46. Nd4 Ke4 47. Kg2 Bd7 48. Kg3 Bc8 49. Nc6 Be6 50. Ne7 Bf7 51. Kg2 Kd3 52. Nc8 Bd5+ 53. Kg3 Be6 54. Nd6 Bd7 55. Kg2 Ke2 56. Kg3 Kd3 57. Kh2 Ke2 58. Kg2 Bc6+ 59. Kg3 Kd3 60. Kh2 Ke2 61. Kg3 Kd3 62. Nc8 Bd5 63. Ne7 Bf7 64. Nc6 Ke4 65. Nd4 Bd5 66. Nb5 Bc6 67. Nd4 Bd5 68. Nc2 Bc4 69. Nb4 Bb5 70. Kg2 Bc4 71. Kg3 Bb5 72. Nc2 Bc4 73. Ne1 Be2 74. Kg2 Bc4 75. Nc2 Bf7 76. Ne1 Bb3 77. Kg3 Bd1 78. Kg2 Be2 79. Nc2 Bc4 80. Nd4 Bd5 81. Kf1 Kd3 82. Kg1 Ke4 83. Kg2 Bc4 84. Nc6 Bd5 85. Ne7 Bf7 86. Kg3 Kd3 87. Kf3 1/2-1/2

[Event "CZE-chT1W 1920"]
[Site "Czech Republic"]
[Date "2019.12.08"]
[Round "4.5"]
[White "Turner, Jan"]
[Black "Netusil, Miloslav"]
[Result "1-0"]
[WhiteElo "2310"]
[BlackElo "2170"]
[PlyCount "117"]
[EventDate "2019.10.20"]
[EventType "team-tourn"]
[EventRounds "11"]
[EventCountry "CZE"]
[SourceTitle "CBM 193 Extra"]
[Source "ChessBase"]
[SourceDate "2020.01.31"]
[SourceVersion "1"]
[SourceVersionDate "2020.01.31"]
[SourceQuality "1"]
[WhiteTeam "Line"]
[BlackTeam "Vysehrad"]
[WhiteTeamCountry "CZE"]
[BlackTeamCountry "CZE"]

1. b3 Nf6 2. Bb2 g6 3. Bxf6 exf6 4. c4 Bg7 5. Nc3 f5 6. g3 d6 7. Bg2 Nd7 8. e3 Nf6 9. Rc1 c6 10. Nge2 0-0 11. 0-0 Qe7 12. d3 h5 13. h4 Ng4 14. Nf4 g5 15. hxg5 Qxg5 16. Bf3 h4 17. Bxg4 fxg4 18. Ne4 Qh6 19. gxh4 Be5 20. Qd2 f5 21. Ng3 Bd7 22. d4 Bxf4 23. exf4 Qxh4 24. Rfe1 Rf7 25. Rc3 Rh7 26. Rce3 Rf8 27. Kf1 Qh6 28. Rd3 Qh3+ 29. Ke2 Qg2 30. Kd1 Rh2 31. Rde3 Qxf2 32. R3e2 Qf3 33. Kc2 Rxe2 34. Nxe2 Qe4+ 35. Qd3 Re8 36. Qxe4 Rxe4 37. Kd3 c5 38. d5 b5 39. Rf1 Kg7 40. Ng3 Re8 41. Rh1 Rh8 42. Rxh8 Kxh8 43. Kc3 bxc4 44. bxc4 Kg7 45. Kb3 Kf6 46. Kb2 Ke7 47. Kc3 Kd8 48. Kb3 Kc7 49. Kc3 Kb6 50. Kb3 Ka5 51. Ka3 a6 52. Kb3 Ba4+ 53. Kc3 Bd1 54. Nxf5 Ka4 55. Kd2 Kb4 56. Kxd1 Kxc4 57. Ne3+ Kd4 58. Nxg4 Kxd5 59. f5 1-0

[Event "Pardubice Czech op-A 30th"]
[Site "Pardubice"]
[Date "2019.07.25"]
[Round "7"]
[White "Turner, Jan"]
[Black "Zhukenov, Aituar"]
[Result "1/2-1/2"]
[WhiteElo "2330"]
[BlackElo "2164"]
[PlyCount "33"]
[EventDate "2019.07.19"]
[EventType "swiss"]
[EventRounds "9"]
[EventCountry "CZE"]
[SourceTitle "CBM 191"]
[Source "ChessBase"]
[SourceDate "2019.08.31"]
[SourceVersion "1"]
[SourceVersionDate "2019.08.31"]
[SourceQuality "1"]

1. Nf3 c5 2. c3 d5 3. d4 Nf6 4. Bf4 Nc6 5. e3 Qb6 6. Qb3 c4 7. Qc2 Bf5 8. Qc1 e6 9. Nbd2 Be7 10. h3 h6 11. Be2 0-0 12. b3 cxb3 13. axb3 Rfc8 14. 0-0 Qd8 15. Qb2 Bd6 16. Bxd6 Qxd6 17. c4 1/2-1/2

[Event "Pardubice Czech op-A 30th"]
[Site "Pardubice"]
[Date "2019.07.23"]
[Round "5"]
[White "Turner, Jan"]
[Black "Singh, S Vikramjit"]
[Result "1/2-1/2"]
[WhiteElo "2330"]
[BlackElo "2164"]
[PlyCount "29"]
[EventDate "2019.07.19"]
[EventType "swiss"]
[EventRounds "9"]
[EventCountry "CZE"]
[SourceTitle "CBM 191"]
[Source "ChessBase"]
[SourceDate "2019.08.31"]
[SourceVersion "1"]
[SourceVersionDate "2019.08.31"]
[SourceQuality "1"]

1. d4 Nf6 2. Nf3 g6 3. Bf4 Bg7 4. e3 c5 5. c3 d5 6. h3 Nc6 7. Be2 0-0 8. 0-0 Ne4 9. Nbd2 Nxd2 10. Qxd2 Qb6 11. Rfc1 a5 12. b3 Bf5 13. Bg3 Rfd8 14. Bd3 Bxd3 15. Qxd3 1/2-1/2

[Event "Pardubice op rapid 30th"]
[Site "Pardubice"]
[Date "2019.07.19"]
[Round "9"]
[White "Simacek, Pavel"]
[Black "Turner, Jan"]
[Result "1-0"]
[WhiteElo "2490"]
[BlackElo "2330"]
[PlyCount "75"]
[EventDate "2019.07.17"]
[EventType "swiss (rapid)"]
[EventRounds "9"]
[EventCountry "CZE"]
[SourceTitle "CBM 191 Extra"]
[Source "ChessBase"]
[SourceDate "2019.09.30"]
[SourceVersion "1"]
[SourceVersionDate "2019.09.30"]
[SourceQuality "1"]

1. e4 e6 2. d4 d5 3. Nd2 c5 4. exd5 Qxd5 5. Ngf3 cxd4 6. Bc4 Qc5 7. 0-0 Nc6 8. a3 a6 9. b4 Qb6 10. Nb3 Nf6 11. Bb2 Be7 12. Nbxd4 0-0 13. Nxc6 Qxc6 14. Ne5 Qc7 15. Bd3 b5 16. Qf3 Bb7 17. Qg3 Be4 18. Bxe4 Nxe4 19. Qe3 Nf6 20. Rac1 Rac8 21. c4 bxc4 22. Nxc4 Nd5 23. Qe2 Qb7 24. Qg4 g6 25. Rfd1 Rfd8 26. Na5 Qa8 27. Be5 Bf6 28. Qe4 Bxe5 29. Qxe5 Rxc1 30. Rxc1 Rc8 31. Rc5 Rd8 32. h4 h5 33. g3 Nf4 34. Nc6 Rd1+ 35. Kh2 Nd3 36. Qf6 Rh1+ 37. Kxh1 Nxc5 38. Qf3 1-0

[Event "Pardubice op rapid 30th"]
[Site "Pardubice"]
[Date "2019.07.18"]
[Round "6"]
[White "Turner, Jan"]
[Black "Frolov, Aleksey G"]
[Result "1-0"]
[WhiteElo "2330"]
[BlackElo "2174"]
[PlyCount "127"]
[EventDate "2019.07.17"]
[EventType "swiss (rapid)"]
[EventRounds "9"]
[EventCountry "CZE"]
[SourceTitle "CBM 191 Extra"]
[Source "ChessBase"]
[SourceDate "2019.09.30"]
[SourceVersion "1"]
[SourceVersionDate "2019.09.30"]
[SourceQuality "1"]

1. b3 e5 2. Bb2 Nc6 3. e3 d5 4. Bb5 f6 5. d4 exd4 6. Qxd4 a6 7. Bxc6+ bxc6 8. Nc3 Bd6 9. Nf3 Ne7 10. h3 0-0 11. Qd2 Be6 12. Na4 c5 13. Ba3 c4 14. Bxd6 Qxd6 15. bxc4 dxc4 16. Qxd6 cxd6 17. Nd4 Bf7 18. Kd2 Rab8 19. Rab1 Nd5 20. Nc3 Rfe8 21. Rxb8 Rxb8 22. a3 Rb2 23. Rb1 Rxb1 24. Nxb1 g6 25. Nc3 Nc7 26. Ne4 Ne8 27. f3 f5 28. Nc3 Kg7 29. Nc6 Kf6 30. Nd4 Nc7 31. a4 Bd5 32. a5 Bb7 33. Ke2 g5 34. g3 h5 35. h4 Kg6 36. Na4 f4 37. exf4 gxf4 38. gxf4 Nd5 39. f5+ Kf6 40. Nb2 c3 41. Nc4 Nf4+ 42. Kf2 d5 43. Kg3 Ne2+ 44. Nxe2 dxc4 45. Kf4 Bc8 46. Nxc3 Bxf5 47. Nd5+ Ke6 48. Nc7+ Kf6 49. c3 Bc8 50. Nd5+ Ke6 51. Ne3 Kd6 52. Nxc4+ Kc5 53. Na3 Bb7 54. Ke3 Kd5 55. f4 Ke6 56. Nc4 Bd5 57. Ne5 Kf5 58. c4 Bb7 59. c5 Ke6 60. c6 Bc8 61. Ke4 Kf6 62. Nd7+ Ke7 63. Kd5 Kd8 64. Nf6 1-0

[Event "Pardubice op rapid 30th"]
[Site "Pardubice"]
[Date "2019.07.17"]
[Round "1"]
[White "Medvedyk, Volodymyr"]
[Black "Turner, Jan"]
[Result "0-1"]
[WhiteElo "2197"]
[BlackElo "2330"]
[PlyCount "88"]
[EventDate "2019.07.17"]
[EventType "swiss (rapid)"]
[EventRounds "9"]
[EventCountry "CZE"]
[SourceTitle "CBM 191 Extra"]
[Source "ChessBase"]
[SourceDate "2019.09.30"]
[SourceVersion "1"]
[SourceVersionDate "2019.09.30"]
[SourceQuality "1"]

1. c4 Nf6 2. g3 e6 3. Bg2 d5 4. d4 Be7 5. Nf3 0-0 6. 0-0 dxc4 7. Qc2 a6 8. a4 Nc6 9. Qxc4 Qd5 10. Na3 Qxc4 11. Nxc4 Rd8 12. Rd1 h6 13. b3 Rb8 14. Bb2 Bd7 15. Nfe5 Be8 16. Rac1 Nb4 17. Na5 c6 18. e3 Nfd5 19. h4 f6 20. Nf3 Bg6 21. Ne1 Na2 22. Ra1 Nac3 23. Rd2 Bb4 24. Nc4 b5 25. axb5 axb5 26. Na5 Rdc8 27. Nd3 Bf8 28. Nc5 Bxc5 29. dxc5 Ne4 30. Rc2 Nxg3 31. Rcc1 Ne2+ 32. Kf1 Nxc1 33. Rxc1 Rc7 34. Ba3 b4 35. Bb2 Ra8 36. Nc4 Bd3+ 37. Ke1 Ra2 38. Ra1 Rxa1+ 39. Bxa1 Ra7 40. Bd4 e5 41. Bb2 Ra2 42. Bxd5+ cxd5 43. c6 dxc4 44. c7 Bf5 0-1

[Event "CZE-chT1W 1819"]
[Site "Czech Republic"]
[Date "2019.04.07"]
[Round "11.4"]
[White "Turner, Jan"]
[Black "Muron, Miroslav"]
[Result "1/2-1/2"]
[WhiteElo "2348"]
[BlackElo "2210"]
[PlyCount "77"]
[EventDate "2018.10.21"]
[EventType "team-tourn"]
[EventRounds "11"]
[EventCountry "CZE"]
[SourceTitle "CBM 189 Extra"]
[Source "ChessBase"]
[SourceDate "2019.06.03"]
[SourceVersion "1"]
[SourceVersionDate "2019.06.03"]
[SourceQuality "1"]
[WhiteTeam "Kozolupy"]
[BlackTeam "Praha Dukla"]
[WhiteTeamCountry "CZE"]
[BlackTeamCountry "CZE"]

1. b3 d5 2. Bb2 c5 3. e3 Nc6 4. Bb5 Nf6 5. Nf3 Bd7 6. Bxc6 Bxc6 7. Ne5 Rc8 8. 0-0 e6 9. d3 Bd6 10. f4 0-0 11. Nd2 Nd7 12. Qg4 Nxe5 13. fxe5 Be7 14. Rf3 g6 15. a4 a6 16. Raf1 Bg5 17. Rg3 Bh6 18. Rh3 Qg5 19. Qe2 b5 20. Ba3 Bd7 21. axb5 axb5 22. Bc1 Bg7 23. Nf3 Qe7 24. e4 dxe4 25. dxe4 c4 26. Bh6 Bxh6 27. Rxh6 Qc5+ 28. Kh1 f6 29. Rd1 Bc6 30. Qe1 cxb3 31. cxb3 fxe5 32. Qg3 Bxe4 33. Rxh7 Kxh7 34. Ng5+ Kg8 35. Nxe4 Qe7 36. Qxg6+ Kh8 37. Qh5+ Kg8 38. Qg6+ Kh8 39. Qh5+ 1/2-1/2

[Event "CZE-chT1W 1819"]
[Site "Czech Republic"]
[Date "2019.01.06"]
[Round "5.5"]
[White "Pokorny, Zdenek"]
[Black "Turner, Jan"]
[Result "1/2-1/2"]
[WhiteElo "2255"]
[BlackElo "2348"]
[PlyCount "24"]
[EventDate "2018.10.21"]
[EventType "team-tourn"]
[EventRounds "11"]
[EventCountry "CZE"]
[SourceTitle "CBM 188 Extra"]
[Source "ChessBase"]
[SourceDate "2019.02.26"]
[SourceVersion "1"]
[SourceVersionDate "2019.02.26"]
[SourceQuality "1"]
[WhiteTeam "Hradec Kralove"]
[BlackTeam "Kozolupy"]
[WhiteTeamCountry "CZE"]
[BlackTeamCountry "CZE"]

1. e4 d6 2. d4 Nf6 3. Bd3 e5 4. Nf3 Nbd7 5. 0-0 Be7 6. c3 0-0 7. Nbd2 c6 8. Bc2 Qc7 9. a4 Re8 10. h3 Bf8 11. a5 h6 12. Re1 Rb8 1/2-1/2

[Event "CZE-chT1W 1819"]
[Site "Czech Republic"]
[Date "2018.11.11"]
[Round "2.4"]
[White "Turner, Jan"]
[Black "Schula, Michal"]
[Result "1-0"]
[WhiteElo "2348"]
[BlackElo "2297"]
[PlyCount "147"]
[EventDate "2018.10.21"]
[EventType "team-tourn"]
[EventRounds "11"]
[EventCountry "CZE"]
[SourceTitle "CBM 187 Extra"]
[Source "ChessBase"]
[SourceDate "2018.11.04"]
[SourceVersion "1"]
[SourceVersionDate "2018.11.04"]
[SourceQuality "1"]
[WhiteTeam "Kozolupy"]
[BlackTeam "Neratovice"]
[WhiteTeamCountry "CZE"]
[BlackTeamCountry "CZE"]

1. b3 f5 2. Bb2 Nf6 3. c4 e6 4. Nf3 b6 5. g3 Bb7 6. Bg2 Be7 7. 0-0 0-0 8. d3 d5 9. Nbd2 c5 10. cxd5 exd5 11. Ne5 Nbd7 12. Ndf3 Bd6 13. d4 Qe7 14. Nxd7 Nxd7 15. e3 Rac8 16. Rc1 a6 17. Qd3 b5 18. dxc5 Nxc5 19. Qd1 b4 20. Nd4 Be5 21. Qe2 g6 22. Rfd1 Rfd8 23. Rc2 Ne4 24. Rdc1 Qd6 25. Bxe4 fxe4 26. Qg4 Rxc2 27. Rxc2 Re8 28. Nf5 Qf8 29. Bxe5 Rxe5 30. Nd4 Re7 31. h4 Qf6 32. h5 Kf7 33. hxg6+ hxg6 34. Rc5 Qd6 35. Rc1 Qe5 36. Kg2 Qf6 37. Rh1 Kg7 38. Rc1 Kg8 39. Rc2 Kg7 40. Qf4 Qxf4 41. gxf4 Kf6 42. Rc5 Rg7 43. Kf1 Rh7 44. Ke2 g5 45. fxg5+ Kxg5 46. Nc2 Kf5 47. Nxb4 Ke5 48. Nc2 Rh8 49. Nd4 Bc8 50. Rc2 Bg4+ 51. Kd2 Rh1 52. Kc3 Rd1 53. Rd2 Rc1+ 54. Kb4 Bh3 55. a4 Bf1 56. Rc2 Rxc2 57. Nxc2 Kd6 58. Kc3 Kc5 59. b4+ Kb6 60. Nd4 a5 61. bxa5+ Kxa5 62. Kb3 Bc4+ 63. Ka3 Bd3 64. Nb3+ Kb6 65. Kb4 Bc4 66. a5+ Kc6 67. Nc5 Be2 68. a6 Kb6 69. Kc3 Bb5 70. Kd4 Bc6 71. Ne6 Kxa6 72. Nc7+ Kb6 73. Nxd5+ Kb5 74. Nc3+ 1-0

[Event "Pardubice op rapid 29th"]
[Site "Pardubice"]
[Date "2018.07.19"]
[Round "5"]
[White "Turner, Jan"]
[Black "Petr, Jan"]
[Result "1-0"]
[WhiteElo "2348"]
[BlackElo "2099"]
[PlyCount "47"]
[EventDate "2018.07.18"]
[EventType "swiss (rapid)"]
[EventRounds "9"]
[EventCountry "CZE"]
[SourceTitle "CBM 185 Extra"]
[Source "ChessBase"]
[SourceDate "2018.07.29"]
[SourceVersion "1"]
[SourceVersionDate "2018.07.29"]
[SourceQuality "1"]

1. b3 Nf6 2. Bb2 d5 3. Nf3 c5 4. e3 Nc6 5. Bb5 a6 6. Bxc6+ bxc6 7. Ne5 Qc7 8. 0-0 e6 9. f4 a5 10. a4 Ba6 11. d3 0-0-0 12. Nd2 h5 13. Ndf3 Bd6 14. Qe1 Ng4 15. Bc3 f6 16. Bxa5 Qb7 17. Bxd8 Rxd8 18. h3 fxe5 19. hxg4 exf4 20. exf4 Bxf4 21. Qxe6+ Kb8 22. Nd4 Bd6 23. Rf7 Qb6 24. a5 1-0

[Event "Pardubice op rapid 29th"]
[Site "Pardubice"]
[Date "2018.07.19"]
[Round "7"]
[White "Turner, Jan"]
[Black "Tarun, V Kanth"]
[Result "1-0"]
[WhiteElo "2348"]
[BlackElo "2086"]
[PlyCount "99"]
[EventDate "2018.07.18"]
[EventType "swiss (rapid)"]
[EventRounds "9"]
[EventCountry "CZE"]
[SourceTitle "CBM 185 Extra"]
[Source "ChessBase"]
[SourceDate "2018.07.29"]
[SourceVersion "1"]
[SourceVersionDate "2018.07.29"]
[SourceQuality "1"]

1. b3 d5 2. Bb2 Bg4 3. Nf3 Bxf3 4. exf3 e6 5. g3 Nf6 6. Bg2 Be7 7. 0-0 0-0 8. f4 c5 9. c4 Nc6 10. d3 d4 11. Nd2 Qc7 12. Re1 Bd6 13. Nf3 Rfe8 14. Bc1 e5 15. fxe5 Nxe5 16. Nxe5 Bxe5 17. Bd2 Bd6 18. Qf3 b6 19. a3 a5 20. Rab1 Rxe1+ 21. Bxe1 Re8 22. Bd2 Nd7 23. Re1 Rxe1+ 24. Bxe1 Ne5 25. Qe2 Qe7 26. Kf1 h6 27. Bd2 Qf6 28. f4 Qf5 29. Be4 Qf6 30. Kg2 Ng6 31. Qg4 Nf8 32. h4 Qe6 33. Qxe6 fxe6 34. g4 Kf7 35. h5 e5 36. fxe5 Bxe5 37. g5 hxg5 38. Bxg5 Ne6 39. Bd5 Bf6 40. Bf4 Bd8 41. Be5 Bf6 42. Bc7 Ke7 43. Bxe6 Kxe6 44. Bxb6 a4 45. bxa4 Kd6 46. a5 Kc6 47. Kf3 Bg5 48. Ke4 Bc1 49. Bd8 Bxa3 50. Bf6 1-0

[Event "Pardubice op rapid 29th"]
[Site "Pardubice"]
[Date "2018.07.18"]
[Round "2"]
[White "Boruchovsky, Avital"]
[Black "Turner, Jan"]
[Result "1-0"]
[WhiteElo "2558"]
[BlackElo "2348"]
[PlyCount "39"]
[EventDate "2018.07.18"]
[EventType "swiss (rapid)"]
[EventRounds "9"]
[EventCountry "CZE"]
[SourceTitle "CBM 185 Extra"]
[Source "ChessBase"]
[SourceDate "2018.07.29"]
[SourceVersion "1"]
[SourceVersionDate "2018.07.29"]
[SourceQuality "1"]

1. d4 Nc6 2. Nf3 d6 3. e4 Nf6 4. Nc3 g6 5. Be3 Bg7 6. d5 Nb8 7. h3 c6 8. Be2 0-0 9. 0-0 cxd5 10. exd5 Nbd7 11. Re1 a6 12. a4 Qc7 13. a5 b5 14. axb6 Nxb6 15. Qd4 Rb8 16. Bxa6 Ng4 17. Qf4 Nxe3 18. Rxe3 Bxa6 19. Rxa6 Nc4 20. Rc6 1-0

[Event "CZE-chT2A 1718"]
[Site "Czech Republic"]
[Date "2018.02.25"]
[Round "9.1"]
[White "Turner, Jan"]
[Black "Wimmer, Miroslav"]
[Result "1-0"]
[WhiteElo "2360"]
[BlackElo "2162"]
[PlyCount "37"]
[EventDate "2017.10.15"]
[EventType "team-tourn"]
[EventRounds "11"]
[EventCountry "CZE"]
[SourceTitle "EXT 2022"]
[Source "ChessBase"]
[SourceDate "2021.10.06"]
[SourceVersion "1"]
[SourceVersionDate "2021.10.06"]
[SourceQuality "1"]
[WhiteTeam "Kozolupy"]
[BlackTeam "Sokolov"]
[WhiteTeamCountry "CZE"]
[BlackTeamCountry "CZE"]

1. b3 e5 2. Bb2 Nc6 3. e3 d5 4. Bb5 Bd6 5. Nf3 Qe7 6. c4 Nf6 7. c5 Bxc5 8. Nxe5 Bd7 9. Nxd7 Nxd7 10. 0-0 0-0 11. Bxc6 bxc6 12. Qc2 Qh4 13. Qf5 Rad8 14. g3 Qh6 15. Nc3 Rfe8 16. Ne2 Bd6 17. Rae1 Ne5 18. f4 g6 19. Qf6 1-0

[Event "Marianske Lazne IM-B2 17th"]
[Site "Marianske Lazne"]
[Date "2018.01.27"]
[Round "9"]
[White "Nitish, Belurkar"]
[Black "Turner, Jan"]
[Result "1-0"]
[WhiteElo "2270"]
[BlackElo "2368"]
[PlyCount "41"]
[EventDate "2018.01.20"]
[EventType "tourn"]
[EventRounds "9"]
[EventCountry "CZE"]
[EventCategory "1"]
[SourceTitle "CBM 182 Extra"]
[Source "ChessBase"]
[SourceDate "2018.02.23"]
[SourceVersion "1"]
[SourceVersionDate "2018.02.23"]
[SourceQuality "1"]

1. e4 d6 2. d4 Nf6 3. Nc3 e5 4. Nf3 Nbd7 5. Bc4 Be7 6. 0-0 0-0 7. Qe2 c6 8. a4 exd4 9. Nxd4 Nc5 10. Ba2 a5 11. f3 Re8 12. Be3 Bf8 13. Qf2 Qc7 14. Rfe1 Nfd7 15. Qg3 Ne5 16. Rad1 Kh8 17. Kh1 Qe7 18. Nf5 Bxf5 19. exf5 Qf6 20. Bxc5 dxc5 21. f4 1-0